US States by Tallest Building - Map - Statistics

General Stats
  • This quiz has been taken 24 times
  • The average score is 24 of 50
Answers on the Map
Answers color-coded by a green-red scale on the quiz's map according to % correct below.
 
Answer Stats
Building Height (feet/meters) US State % Correct
Central Park Tower 1,550/472 New York
100%
Willis (Sears) Tower 1,451/442 Illinois
94%
U.S. Bank Tower 1,018/310 California
82%
Detroit Marriott at the Renaissance Center 727/222 Michigan
71%
One Kansas City Place 623/189 Missouri
71%
Fontainebleau Las Vegas 737/224 Nevada
71%
Comcast Technology Center 1,120/340 Pennsylvania
71%
JPMorgan Chase Tower 1,002/305 Texas
71%
IDS Center 792/241 Minnesota
65%
Columbia Center 937/286 Washington
65%
Republic Plaza 717/219 Colorado
59%
Panorama Tower 828/252 Florida
59%
Bank of America Plaza 933/284 Georgia
59%
99 Hudson Street 900/274 New Jersey
59%
Albuquerque Plaza 351/107 New Mexico
59%
Bank of America Corporate Center 871/265 North Carolina
59%
Key Tower 888/271 Ohio
59%
Wyoming Financial Center 148/45 Wyoming
59%
The Central Ala Moana 435/133 Hawaii
53%
Salesforce Tower 701/214 Indiana
53%
801 Grand 630/190 Iowa
53%
200 Clarendon Street (John Hancock Tower) 790/240 Massachusetts
53%
North Dakota State Capitol 241/73 North Dakota
53%
West Virginia State Capitol 292/89 West Virginia
53%
Devon Energy Center 844/257 Oklahoma
47%
Astra Tower 451/137 Utah
47%
U.S. Bank Center 601/183 Wisconsin
47%
RSA Battle House Tower 670/204 Alabama
41%
Chase Tower 483/147 Arizona
41%
Saint Joseph's Church 235/71 Maine
41%
First Interstate Center 272/83 Montana
41%
Wells Fargo Center 546/166 Oregon
41%
Conoco-Phillips Building 296/90 Alaska
35%
Eighth & Main 278/84 Idaho
35%
First National Bank Tower 634/193 Nebraska
35%
Simmons Tower 547/167 Arkansas
29%
Epic Center 385/117 Kansas
29%
400 West Market 549/167 Kentucky
29%
Hancock Whitney Center 697/212 Louisiana
29%
Transamerica Tower 528/161 Maryland
29%
Beau Rivage 346/105 Mississippi
29%
CenturyLink Tower 174/53 South Dakota
29%
Four Seasons Hotel and Residences 542/165 Tennessee
29%
Grace Church 199/60 Vermont
29%
James Monroe Building 449/137 Virginia
29%
City Place I 537/164 Connecticut
24%
1201 North Market Street 360/110 Delaware
24%
City Hall Plaza 275/84 New Hampshire
24%
Industrial National Bank Building 428/130 Rhode Island
24%
Capitol Center 349/106 South Carolina
24%
No matching quizzes found
Score Distribution
Percent of People with Each Score
Percentile by Number Answered
Your Score History
You have not taken this quiz